| 000 | 00864nam a2200217Ia 4500 | ||
|---|---|---|---|
| 003 | GCL | ||
| 008 | 140319s9999 xx 000 0 ara d | ||
| 020 | _a7455938977 | ||
| 040 |
_aGCL / _cGCL |
||
| 082 | 0 | 4 |
_a279.2 _bس ج |
| 100 | 1 | _aسمير مرقص | |
| 245 | 1 | 0 |
_a'' الحماية والعقاب'' الغرب والمسألة الدينية فى الشرق الاوسط : _bمن قانون الرعاية المذهبية الى قانون الحرية الدينية / _cسمير مرقص |
| 260 |
_aالقاهرة : _bميريت للنشر والمعلومات ، _c2000 |
||
| 300 |
_a210 ص ؛ _c25 سم |
||
| 650 | 0 | 4 | _aالاسلام والمسيحية |
| 650 | 0 | 4 | _aالاقباط |
| 650 | 0 | 4 | _aالمسيحية - مصر |
| 650 | 0 | 4 | _aالمسيحية - تاريخ |
| 650 | 0 | 4 | _aالاضطهاد الدينى المسيحى |
| 942 |
_2ddc _cBK |
||
| 999 |
_c48042 _d48042 |
||